000
00288nam a2200121Ia 4500
005
20251222144849.0
008
251222s9999||||xx |||||||||||||| ||spa||
020
_a
9972-58-088-1
082
_a
869.569.4/Y52/Ej.2
100
_a
Yerovi, Nicolás
245
0
_a
Tarjeta Amarilla
942
_c
LIB
999
_c
21529
_d
21529